| 000 | 00000nam##2200000za#4500 |
| 001 | 9.673169 |
| 003 | CaOODSP |
| 005 | 20220818080144 |
| 007 | ta |
| 008 | 150407|2011||||xxc||||| f|0| 0 eng|d |
| 020 | |a978-1-100-53857-0 |
| 040 | |aCaOODSP|beng |
| 041 | |aeng |
| 041 | |afre |
| 043 | |an-cn--- |
| 086 | 1 |aIP54-42/2011 |
| 110 | 2 |aOffice of the Privacy Commissioner of Canada. |
| 245 | 10|aAudit of selected RCMP operational databases - audit report of the Privacy Commissioner of Canada : |bsection 37 of the Privacy Act - final report, 2011 |
| 246 | 1 |aAudit report of the Privacy Commissioner of Canada, 2011 |
| 260 | |aOttawa - Ontario : |bOffice of the Privacy Commissioner of Canada |c2011. |
| 300 | |aEnglish text, 22p. ; |c28 cm. |
| 520 | 3 |aTo determine whether the RCMP is adequately managing the personal information contained in the Canadian Police Information Centre (CPIC) and Police Reporting and Occurrence System (PROS) databases. |
| 563 | |aSoftcover |
| 590 | |a12-22|b2012-06-01 |
| 690 | 07|aAudit|2gcpds |
| 690 | 07|aDatabases|2gcpds |
| 690 | 07|aPrivacy|2gcpds |
| 776 | 0#|tVérification de certaines bases de données opérationnelles de la GRC |w(CaOODSP)9.639782 |
| 776 | 0#|tAudit of selected RCMP operational databases |w(CaOODSP)9.695649 |
| 792 | |tVérification de certaines bases de données opérationnelles de la GRC - rapport vérification de la commissaire à la protection de la vie privée du Canada : |efre|w(CaOODSP)9.673170 |